01609cam a22003977a 4500003000500000005001700005008004100022010001000063011001000073035001000083040000900093090001000102100003800112245021200150260003900362300002200401502009500423590003700518590004100555590004100596590004100637590004100678590004200719650002900761650003900790650004400829650003700873650004400910650003200954650002700986901000701013942001001020949003601030999001701066952012801083CHAP20250926062750.0971013s1977 r 00010 d a41987 a42959 a47089 cCHAP aTesis00aEscobedo Salgado, Eduardo.937555 0aFertilización nitrogenada y la fecha de corte para la producción de forraje en una pradera bajo riego de Rhodes (Chloris gayana Kunth) Bermuda NK-37 (Cynodon dactylen L.) y sorgo negro (Sorghum almum P.) aMonterre, N. L. :bEl autor,c1977 a56 h.b; gráfs. aTesis (Ing. Agr. Zootecnista) -- ITESM. División de Ciencias Agropecuarias y Marítimas aALEPHb10c20130110lUCH01h1311 aBATCH-UPDb10c20130110lUCH01h0250 aBATCH-UPDb10c20130110lUCH01h0942 aBATCH-UPDb10c20130410lUCH01h1406 aBATCH-UPDb10c20130914lUCH01h1318 aCONVERSIONb10c20130109lUCH01h132314aCynodon dactylon.93080014aFertilizantes nitrogenados.94059614aFertilizantesxEfecto en pastos.94053614aPastizalesxIrrigación.98594117aPastos forrajerosxRendimiento298611814aSorgo como forraje.910874314aZacate Rhodes.9123398 aBK cTESIS bBCcTESd-107139eTS1i47089si c41987d41987 00102local4051718TESISaBCbBCcPA_TESISd2012-12-17fTESISl0oTesisp-107139r2019-12-31 00:00:00w2019-12-31yTESIS